1463 1797 1667 1080 1572 1316 1360 1194 1445 1508 1672 1314 1769 1208 1239 1399 1298 1544 1420 1272 1335 1254 1142 1929 1744 1517 1298 1997 1027 1572 1007 1970 1168 1270 1138 1580 1131 1167 1282 1862 1533 1443 1209 1898 1644 1503 1442 1958 1986 1199 1770 1597 1613 1174 1861 1922 1414 1224 1804 1860 1593 1099 1835 1646 1284 1945 1624 1955 1305 1131 1164 1559 1417 1201 1906 1670 1424 1534 1826 1079 1024 1163 1565 1884 1246 1036 1067 1990 1378 1707 1252 1783 1145 1936 1496 1081 1039 1167 1363 BCNSPRNW ULIB Ver.6.0+V

เปลี่ยนเป็นภาษาไทย

Change to English
 แสดงรายละเอียดบรรณานุกรม
  กลับหน้าหลัก

Brief Record : Get Marc (ISO 2709) : E-mail record : QR code < ปิดหน้าต่าง
LEADER : 00000nam a2200000Ia 4500
001    13399115294
003     ULIB
008    120203s2554 th a 000 0 tha d
020    ^a9786167388281
060 04 ^aW50^bว895
245 00 ^aเวชจริยธรรม /^c[คณะบรรณาธิการ] ธำรงรัตน์ แก้วกาญจน์,
250    ^aพิมพ์ครั้งที่ 1
260    ^aกรุงเทพฯ :^bโครงการตำราวิทยาลัยแพทยศาสตร์พระมงกุฎเกล้า,^c2554
300    ^a170 หน้า :^bภาพประกอบ ;^c29 ซม.
650  4 ^aจรรยาบรรณแพทย์
700 0  ^aธำรงรัตน์ แก้วกาญจน์,^eบรรณาธิการ
700 0  ^aสุจินต์ อุบลวัตร,^eบรรณาธิการ
700 0  ^aวิชัย ประยูรวิวัฒน์,^eบรรณาธิการ
945    ^p150^l0^i032218
945    ^p150^l0^i032219
945    ^p150^l0^i032220
995    ^a เกษร
999 ^a ใช้งานได้ทุกระบบ
รายการนี้ยังไม่มีแท็ก
คุณยังไม่ได้ล็อกอิน คุณสามารถมีกิจกรรมร่วมกับเว็บไซต์ได้ แต่ต้องล็อกอินก่อน ::
  ล็อกอิน

รายการสื่อสารสนเทศ

ลำดับที่ ประเภท เลขเรียก/บาร์โค้ด สถานที่ สถานะ
1. วิทยาศาสตร์การแพทย์ และสุขภาพ
หนังสือสำรอง
สถานะ=หนังสือสำรอง
W50 ว895 ฉ.1 
  Barcode: 032218
ห้องสมุดวิทยาเขตสวรรค์ประชารักษ์
►ส่วนจัดเก็บหนังสือเก่า สปร
บนชั้น
  ขอยืม
2. วิทยาศาสตร์การแพทย์ และสุขภาพ
วิทยาศาสตร์การแพทย์ และสุขภาพ
W50 ว895 ฉ.2 
  Barcode: 032219
ห้องสมุดวิทยาเขตสวรรค์ประชารักษ์
►ส่วนจัดเก็บหนังสือเก่า สปร
บนชั้น
  ขอยืม
3. วิทยาศาสตร์การแพทย์ และสุขภาพ
วิทยาศาสตร์การแพทย์ และสุขภาพ
W50 ว895 ฉ.3 
  Barcode: 032220
ห้องสมุดวิทยาเขตสวรรค์ประชารักษ์
►ส่วนจัดเก็บหนังสือเก่า สปร
บนชั้น
  ขอยืม

รายการใกล้เคียง
    หัวเรื่อง [จรรยาบรรณแพทย์]

BibComment


ยังไม่เคยถูกคอมเมนท์

คอมเมนท์ทรัพยากรรายการนี้
  คอมเมนท์: เวชจริยธรรม คณะ..


 Copyright 2026. Bcnsprnw @Library